guess the random adele song #4 - Statistics

General Stats
  • This quiz has been taken 81 times
  • The average score is 195 of 392
Answer Stats
Answer % Correct
i
100%
you
89%
love
86%
the
85%
me
80%
when
80%
and
74%
we
72%
to
71%
it
69%
in
66%
my
63%
so
63%
go
62%
do
60%
your
58%
all
57%
of
57%
don't
51%
like
49%
let
48%
every
46%
heart
46%
no
46%
too
45%
want
45%
but
43%
then
43%
give
40%
hold
40%
miss
40%
i'll
38%
light
38%
dark
37%
one
37%
see
37%
are
35%
never
34%
way
34%
baby
32%
down
32%
lights
32%
piece
29%
from
28%
life
28%
pull
28%
single
28%
touch
28%
body
26%
fall
26%
knew
26%
only
26%
with
26%
has
25%
tight
25%
heaven
23%
kiss
23%
moves
23%
oceans
23%
room
23%
bring
22%
doubts
22%
into
22%
soul
22%
things
22%
up
22%
back
20%
over
20%
across
18%
cruel
18%
treat
18%
gravity
17%
illuminates
17%
knees
17%
soft
17%
teach
17%
wanna
17%
apart
15%
standing
14%
harder
12%
towards
12%
worlds
12%
cause
11%
makes
11%
ego
9%
great
8%
living
8%
past
8%
play
8%
step
8%
unknown
8%
brushing
6%
delicate
6%
floor
6%
groove
6%
dirty
5%
setting
5%
tone
3%
No matching quizzes found
Score Distribution
Percent of People with Each Score
Percentile by Number Answered
Your Score History
You have not taken this quiz